000 00712nam a22002057a 4500
003 BD-DhUL
005 20230601094821.0
008 220628b2022 bg ||||| |||| 00| 0 ben
020 _a9789849351528 (hbk)
040 _aBD-DhUL
_cBD-DhUL
082 _a891.443
_bSOC
100 1 _aসোহাগ, কামরুল হাসান
245 0 0 _aছায়া মামণি /
_cকামরুল হাসান সোহাগ ।
260 _aঢাকা :
_bকারুবাক,
_c২০২২ ।
300 _a১৯১ পৃ. ;
_c২২ সেমি.
365 _aBDT
_b350.0
650 4 _aবাংলা উপন্যাস ।
650 4 _aBengali fiction .
942 _2ddc
_cBK
999 _c256461
_d256461